000 00284nam a22001337a 4500
008 181203b xxu||||| |||| 00| 0 eng d
020 _a9781133587552
041 _aeng
080 _23rd
_a573
100 _a11
101 _aBIO
245 _aBiology
_cRussell,H.M
942 _2udc
_cBK
999 _c52746
_d52746